[Event "FICGS class C 000134 email"]
[Site "FICGS email"]
[Date "2010.01.14"]
[Round "1"]
[White "Dolan, John"]
[Black "Payzansky, Aleksey"]
[Result "1-0"]
[WhiteElo "1800"]
[BlackElo "1799"]
[PlyCount "49"]
[EventDate "2010.??.??"]
[EventType "tourn (corr)"]
[EventRounds "6"]
[SourceTitle "Corr 2013"]
[Source "ChessBase"]
[SourceDate "2012.11.12"]
[SourceVersion "1"]
[SourceVersionDate "2012.11.12"]
[SourceQuality "1"]

1. e4 c5 2. c4 Nc6 3. Nc3 g6 4. g3 Bg7 5. Bg2 Nf6 6. Nge2 d6 7. 0-0 0-0 8. d3 Be6 9. a3 Qc8 10. Nf4 Rb8 11. Nxe6 fxe6 12. Bh3 Nd8 13. Be3 Qc6 14. Qc2 a6 15. b4 cxb4 16. axb4 d5 17. e5 Nd7 18. cxd5 exd5 19. f4 e6 20. Qb3 b5 21. Bg2 Kh8 22. Nxd5 Nxe5 23. Nf6 Qd6 24. fxe5 Qxe5 25. d4 1-0